LEADER 01376nam 2200337z- 450 001 9910694168803321 005 20061204135240.0 035 $a(CKB)5860000000032489 035 $a(BIP)013851883 035 $a(EXLCZ)995860000000032489 100 $a20220406c2006uuuu -u- - 101 0 $aeng 200 10$aRegulatory requirements and industry practices of credit card issuers $ehearing before the Committee on Banking, Housing, and Urban Affairs, United States Senate, One Hundred Ninth Congress, first session ... May 17, 2005 215 $a1 online resource (iii, 136 p.) $cill 311 $a0-16-077198-6 517 $aRegulatory requirements and industry practices of credit card issuers 606 $aCredit cards$xLaw and legislation$zUnited States 606 $aCredit card fees$zUnited States 606 $aDisclosure of information$zUnited States 610 $aCredit cards 610 $aDisclosure of information 610 $aBusiness & economics 610 $aLaw 615 0$aCredit cards$xLaw and legislation 615 0$aCredit card fees 615 0$aDisclosure of information 712 02$aUnited States, Congress Senate Committee on Banking, Housing, and Urban Affairs Staff,$4oth 906 $aBOOK 912 $a9910694168803321 996 $aRegulatory requirements and industry practices of credit card issuers$93219313 997 $aUNINA